000 00390nam a2200157Ia 4500
999 _c31090
_d31090
003 OSt
005 20250826125005.0
008 250310s9999||||xx |||||||||||||| ||und||
040 _c.
082 _a915.404
_bM2977
245 0 _aTravel India Aide Rajasthan /
_cMaps and Agencies
250 _a2nd ed.
260 _aMadras :
_bMaps and Agencies,
_c1980.
300 _a32 p.
942 _cBK
_2ddc